000 00540nam a2200229Ia 4500
003 0100
008 130303s9999 xx 000 0 und d
020 _a0521293510
040 _cARRUPELIB
050 _aB2948.T393 1979
100 _aTaylor, Charles
245 _aHegel and modern society
260 _aCambridge
260 _bCambridge University Press
260 _C1979
300 _axii
300 _b 180p. 22cm.
440 _aModern European philosophy
650 _aPHILOSOPHY
650 _bPhilosophy
942 0 0 _02
999 _c13289
_d13289